000 00827nam a2200205Ii 4500
003 JO-AjNU
008 230605s9999||||xx |||||||||||||| ||und||
040 _aJO-AjNU
_bara
_erda
_cJO-AjNU
041 _aara
050 1 4 _aBP77.7.Z8388.1980
100 3 _aتصنيف الزهري، محمد بن مسلم بن عبيد الله؛ تحقيق وتقديم زكار، سهيل ,
_eauthor
_936399
245 0 0 _aالمغازي النبوية
250 _aط1
264 3 1 _aدمشق:دار الفكر ،1980
300 _a199ص
_bفهرس الآيات القرآنية من ص185-ص186 ، فهرس الاعلام من ص187-ص194
336 _atext
_btxt
_2rdacontent
337 _aunmediated
_bn
_2rdamedia
338 _avolume
_bnc
_2rdacarrier
650 4 _aالسيرة النبوية - الغزوات الاسلامية
_936400
999 _aA15120
_c18688
_d18688